000 nam a22 7a 4500
999 _c20131
_d20131
008 170118b xxu||||| |||| 00| 0 eng d
020 _a9780970274403
050 _aQM 33.5 .L48 2000
100 _aLevin Meryl
_d2000
245 _aAnatomy of Anatomy
_cMeryl Levin
260 _aBrooklyn
_bThird Rail Press
_c2000
300 _a133p;
_bill.;
_c24cm.
942 _2lcc
_cBOOKS
_hQM 33.5 .L48 2000
_k29498